Top Clubes de CONMEBOL - 2025 - Estadísticas

Estadísticas generales
  • Esta prueba ha sido intentada 46 veces
  • La puntuación promedio es 33 de 67
Estadísticas de respuestas
# Liga Equipo % Correcto
6. LPF Boca Juniors
98%
4. LPF River Plate
98%
2. Brasileirão Palmeiras
93%
22. Brasileirão Botafogo
88%
1. Brasileirão CR Flamengo
88%
5. Brasileirão Fluminense
83%
13. LPF Racing Club
83%
15. LigaPro Ecuabet Barcelona de Guayaquil
78%
25. LPF Estudiantes de la Plata
78%
21. Liga de Primera Itaú Colo-Colo
76%
9. Liga AUF Nacional
76%
19. Liga AUF Peñarol
76%
3. Brasileirão Atlético Mineiro
73%
52. Brasileirão Santos
73%
26. Brasileirão Corinthians
71%
8. Copa de Primera Club Olimpia
68%
11. Brasileirão Internacional
68%
35. Liga 1 Alianza Lima
66%
34. Brasileirão Grêmio
66%
14. LigaPro Ecuabet Independiente del Valle
66%
33. LigaPro Ecuabet LDU Quito
66%
40. LPF San Lorenzo
66%
10. Brasileirão São Paulo
66%
32. Liga de Primera Itaú Universidad Católica
63%
16. Liga Tigo Bolívar
61%
20. LPF Talleres de Córdoba
61%
23. LPF Argentinos Juniors
59%
27. Liga AUF Atlético Nacional
59%
12. LPF Vélez Sarsfield
59%
58. Liga BetPlay América de Cali
56%
45. Liga Futve Caracas
56%
18. Copa de Primera Cerro Porteño
56%
43. Liga 1 Universitario
56%
24. Copa de Primera Libertad
54%
49. LPF Rosario Central
54%
30. Liga 1 Sporting Cristal
51%
17. Liga Tigo The Strongest
49%
60. Liga BetPlay Independiente Santa Fe
46%
41. LigaPro Ecuabet Emelec
44%
42. LPF Defensa y Justicia
41%
37. Brasileirão Fortaleza
41%
44. Liga AUF Liverpool
41%
59. Liga BetPlay Millonarios
41%
48. Liga BetPlay Deportivo Cali
39%
55. Brasileirão Bragantino
37%
28. Liga BetPlay Junior
37%
38. Primera Nacional Cólon
34%
7. Brasileirão Athletico Paranaense
32%
29. Liga Futve Deportivo Táchira
32%
46. Liga BetPlay Independiente Medellín
32%
65. Liga de Primera Itaú Cobresal
24%
50. Liga de Primera Itaú Palestino
24%
39. Liga BetPlay Deportes Tolima
20%
36. Liga Tigo Always Ready
17%
47. Liga de Primera Itaú Huachipato
17%
56. Liga 1 Melgar
17%
64. Liga de Primera Itaú Unión La Calera
15%
67. Liga Futve Metropolitanos
12%
54. Liga de Primera Itaú Ñublense
12%
51. Primera Nacional Patronato
12%
57. Liga de Primera Itaú Aucas
10%
31. Liga BetPlay Deportivo Pereira
10%
53. Liga Futve Monagas
7%
63. Brasileirão América Mineiro
5%
62. Liga AUF Rentistas
5%
61. Liga Futve Deportivo La Guaira
0%
66. Liga Tigo Independiente Petrolero
0%
No se encontraron pruebas coincidentes
Distribución de puntuación
Porcentaje de gente con cada puntuación
Porcentaje por número respondido
Historial de tus puntuaciones
No has intentado esta prueba.